Представление документа в формате RUSMARC

ПолеНазваниеЗначение
  Тип записи a
  Библиографический уровень m
001 Контрольный номер RU/CBS_UL/BASE/665483c3211c49ccaf0eba7edab0b915
005 Дата корректировки 20260325145115.4
101 Язык документа __
a Язык текста rus
102 Страна публикации __
a Страна публикации RU
200 Заглавие и сведения об ответственности 0_
a Заглавие № 12 (25-31 марта)
210 Выходные данные __
d Дата издания 2026
461 Уровень набора __
1 2001
a Аргументы и факты
v № 12 (25-31 марта)
1 210
d 2026
801 Источник записи __
a Страна RU
b Организация МБУК ЦБС г. Ульяновска
g Правила каталогизации RCR
901 Тип документа __
w Контрольный № источника RU/IS/BASE/404908401
t Тип документа h
909 Создатель записи __
a Создатель записи lib1